00197nam a22000737a 4500008004100000082002000041100002700061245003500088240219b |||||||| |||| 00| 0 eng d a595.7 M68i Ej.110aMound, Laurenceeautor aLos insectos /cLaurence Mound